Rekreačný dvojsťažník - replika škunerovej brigy/fregaty - koncepcia (Recreational two-masted sailing ship ? replica of schooner brig/frigate ? conception) [CD-ROM] : Bakalárska práca
Uložené v:
| Hlavný autor: | |
|---|---|
| Ďalší autori: | |
| Médium: | Rukopis Kniha |
| Vydavateľské údaje: |
Bratislava :
STU v Bratislave SjF,
2009
|
| Vydanie: | 1.vyd. |
| Predmet: | |
| Tagy: |
Žiadne tagy, Buďte prvý, kto otaguje tento záznam!
|
MARC
| LEADER | 00000ntm a22000003a 4500 | ||
|---|---|---|---|
| 001 | stu203812 | ||
| 005 | 20150617230109.7 | ||
| 008 | 100518s2009----xo----------------------d | ||
| 040 | |a STU |b slo | ||
| 041 | 0 | ||
| 044 | |a xo | ||
| 100 | 1 | |a Mičian, Michal, |d 1986- |4 aut |u J0030 |9 100 |U SjF Strojnícka fakulta |T SjF Ústav dopravnej techniky a konštruovania |X 41286 |U J0030 |Y 806 |7 A000041286 | |
| 245 | 1 | |a Rekreačný dvojsťažník - replika škunerovej brigy/fregaty - koncepcia (Recreational two-masted sailing ship ? replica of schooner brig/frigate ? conception) [CD-ROM] : |b Bakalárska práca | |
| 250 | |a 1.vyd. | ||
| 260 | |a Bratislava : |b STU v Bratislave SjF, |c 2009 | ||
| 300 | |a 39 s | ||
| 650 | 7 | |a škuner |2 stusub | |
| 650 | 7 | |a plachetnica |2 stusub | |
| 650 | 7 | |a schooner |2 estusub | |
| 650 | 7 | |a sailing ship |2 estusub | |
| 700 | 1 | |a Borský, Jaroslav, |d 1941- |4 xxx |u J0030 |U SjF Strojnícka fakulta |T SjF Ústav dopravnej techniky a konštruovania |X 2475 |U J0030 |Y 806 |7 A000002475 | |
| 996 | |b 284J035792 |c J*405/BP |l JJSK |s A |a 24 |w stu203812_0001 | ||